Estadísticas para Monarquías del Mundo

Haz click aquí para tomar la prueba!

Estadísticas generales

  • Esta prueba ha sido tomada 1,657 veces
  • La puntuación promedio es 20 de 29

Estadísticas de respuestas

Título Monarca País % Correcto
ReyFelipeEspaña
99%
ReinaIsabelReino Unido
97%
ReySalmanArabia Saudita
90%
ReyCarlos GustavoSuecia
87%
ReyHaraldNoruega
86%
EmirMúltiples (7)Emiratos Árabes
Unidos
86%
EmperadorNaruhitoJapón
86%
ReyGuillermo AlejandroPaíses Bajos
85%
PríncipeAlbertoMónaco
84%
ReinaMargaritaDinamarca
83%
PapaFranciscoCiudad del
Vaticano
80%
ReyFelipeBélgica
80%
EmirTamimCatar
79%
Gran DuqueEnriqueLuxemburgo
74%
ReyMohamedMarruecos
72%
ReyAbdaláJordania
71%
SultánQaboosOmán
67%
EmirSabahKuwait
64%
SultánHassanalBrunéi
64%
ReyVajiralongkornTailandia
63%
PríncipeJuan AdánLiechtenstein
62%
CopríncipesEmmanuel & JoanAndorra
62%
ReyHamadBaréin
59%
ReyKhesarBután
53%
SultánAbdullahMalasia
46%
ReyMswatiSuazilandia
43%
ReyLetsieLesoto
37%
ReySihamoniCamboya
37%
ReyTupouTonga
30%

Distribución de puntuación

Porcentaje por número respondido

Porcentaje de gente con cada puntuación

Historial de tus puntuaciones

No has tomado esta prueba